Orbital velocity associated with wave action near the breaker zone /

Bibliographic Details
Main Authors: Inman, Douglas L. (Douglas Lamar), 1920-, Nasu, Noriyuki (Author)
Format: Book
Language:English
Published: [Washington] : U.S. Beach Erosion Board, 1956.
Series:Technical memorandum (United States. Beach Erosion Board) ; no. 79.
Subjects:

MARC

Tag First Indicator Second Indicator Subfields
LEADER 00000cam a2200000Ii 4500
001 in00002016262
005 20151031160629.0
008 050107s1956 dcua f000 0 eng d
035 |a (OCoLC)ocm03952552 
040 |a AED  |c AED  |d OCLCG  |d UtOrBLW 
049 |a TXAM 
090 |a TC203  |b .U56 tm no. 79 
100 1 |a Inman, Douglas L.  |q (Douglas Lamar),  |d 1920- 
245 1 0 |a Orbital velocity associated with wave action near the breaker zone /  |c [by D.L. Inman and Noriyuki Nasu]. 
264 1 |a [Washington] :  |b U.S. Beach Erosion Board,  |c 1956. 
300 |a 102 pages in various pagings :  |b illustrations ;  |c 26 cm. 
336 |a text  |b txt  |2 rdacontent 
337 |a unmediated  |b n  |2 rdamedia 
338 |a volume  |b nc  |2 rdacarrier 
490 1 |a Technical memorandum - Beach Erosion Board ;  |v no. 79 
500 |a This report was prepared at the Scripps Institution of Oceanography of the University of California in pursuance of contract DA-49-055-eng-3. 
504 |a Bibliography: pages 42-43. 
650 0 |a Water waves. 
650 0 |a Hydrodynamics. 
700 1 |a Nasu, Noriyuki,  |e author. 
830 0 |a Technical memorandum (United States. Beach Erosion Board) ;  |v no. 79. 
945 |a cataloged  |k rvaughan  |c 2005/1/7 
994 |a C0  |b TXA 
948 |a cataloged  |b h  |c 2010/06/14  |e rharris  |f 10:34:01 am 
999 |a MARS 
999 f f |s b693b447-ad29-3aae-95be-228eb9f42815  |i 9ca847e7-cd1f-3b9a-8dbe-9a53cd352060  |t 0 
952 f f |p normal  |a Texas A&M University  |b College Station  |c Sterling C. Evans Library  |d Evans: US Documents (Annex 5th floor)  |t 0  |e D 103.19:71-80  |h Superintendent of Documents classification  |i unmediated -- volume  |m A14832384801 
952 f f |a Texas A&M University  |b College Station  |c Sterling C. Evans Library  |d Evans: US Documents (Annex 5th floor)  |t 0  |e D 103.19:71-80  |h Superintendent of Documents classification 
998 f f |a D 103.19:71-80  |t 0  |l Evans: US Documents (Annex 5th floor)